Catalog

Record Details

Catalog Search



Studies in the Fourth Gospel / by Leon Morris Cover Image Book Book

Studies in the Fourth Gospel / by Leon Morris

Morris, Leon (Author).

Record details

  • ISBN: 0-85364-095-5
  • Physical Description: 374 s.
  • Publisher: Great Britain: The Paternoster Press, 1969.

Available copies

  • 1 of 1 copy available at Common Catalog SPOK.

Holds

  • 0 current holds with 1 total copy.
Show Only Available Copies
Location Call Number / Copy Notes Barcode Shelving Location Status Due Date
ETS Library 226.5 424470017474 Volný výběr Available -

LDR nam a22 i 4500
00146147
003CZ-PrJAB
00520200323145205.0
007ta
008 s xr e 000 0 cze
020 . ‡a0-85364-095-5
040 . ‡aABG450 ‡bcze ‡erda
072 7. ‡2Konspekt
08214. ‡a226.5
1001 . ‡aMorris, Leon
24510. ‡aStudies in the Fourth Gospel / ‡bby Leon Morris
264 1. ‡aGreat Britain: ‡bThe Paternoster Press, ‡c1969.
300 . ‡a374 s.
336 . ‡atext ‡btxt ‡2rdacontent
338 . ‡asvazek ‡bnc ‡2rdacarrier
910 . ‡aABG450
901 . ‡a46147 ‡b ‡c46147 ‡tbiblio

Additional Resources